00947nam a2200265 i 4500001000300000100002700003245007400030260008500104300002600189504002400215650002200239650002500261020001500286040000800301041000700309080001200316920001800328942000700346008004100353999001700394856009800411952004900509952007400558952004900632bg1 aPIETRZKIEWICZ, Tadeusz10aZasady etyczne w zarządzaniu gospodarczym /cTadeusz Pietrzkiewicz. aWarszawa :bInstytut Organizacji i Zarządzania w Przemyśle "Orgmasz",c1997. a115 :brys. ;c21 cm. aBibliogr. s. 62-63. 9aGospodarkaxetyka 9aZarządzaniexetyka a8386929502 cBPK0 apl a172:338 a83-86929-50-2 cKS s pl f |000 0 pol  c33295d33295 uhttp://koha.tu.koszalin.pl/cgi-bin/koha/opac-detail.pl?biblionumber=33295yKatalog online BPK 00104070aBPKbBPKcwo43363p01337846yKS 00104071aBPKbBPKceho43364p01337877s2013-04-30t330.162 EbyKS 00104070aBPKbBPKcwo43365p01337860yKS